Совершенствование технологии подготовки газа с применением моделирующей системы: автореферат диссертации на соискание ученой степени кандидата технических наук; спец. 05.17.08

Podrobná bibliografie
Hlavní autor: Маслов А. С. Алексей Станиславович
Korporativní autor: Томский политехнический институт
Další autoři: Кравцов А. В. Анатолий Васильевич (научный руководитель)
Shrnutí:Защита сост. 7.10.2003 г.
Jazyk:ruština
Vydáno: Томск, [Б. и.], 2003
Témata:
Médium: Kniha
KOHA link:https://koha.lib.tpu.ru/cgi-bin/koha/opac-detail.pl?biblionumber=57337

MARC

LEADER 00000nam0a2200000 4500
001 57337
005 20231031054159.0
035 |a (RuTPU)RU\TPU\book\60481 
090 |a 57337 
100 |a 20031028d2003 k y0rusy50 ca 
101 0 |a rus 
102 |a RU 
105 |a a dm 001zy 
200 1 |a Совершенствование технологии подготовки газа с применением моделирующей системы  |e автореферат диссертации на соискание ученой степени кандидата технических наук  |e спец. 05.17.08  |f А. С. Маслов  |g Томский политехнический институт ; науч. рук. А. В. Кравцов 
210 |a Томск  |c [Б. и.]  |d 2003 
215 |a 21 с.  |c ил. 
300 |a Защита сост. 7.10.2003 г. 
320 |a Библиогр.: с. 20-21 (16 назв.) 
452 1 |0 (RuTPU)RU\TPU\book\62932  |t Совершенствование технологии подготовки газа с применением моделирующей системы  |o автореферат диссертации на соискание ученой степени кандидата технических наук:  |f А. С. Маслов  |g Томский политехнический университет ; науч. рук. А. В. Кравцов  |c Томск  |n Б.и.  |d 2003  |a Маслов, Алексей Станиславович 
610 1 |a химическая технология 
610 1 |a газ 
610 1 |a комплексная подготовка 
610 1 |a моделирование 
610 1 |a парожидкостное равновесие 
610 1 |a расчет 
610 1 |a точность 
610 1 |a гидродинамика 
610 1 |a сепарация 
610 1 |a циклоны 
610 1 |a процессы 
610 1 |a аппараты 
610 1 |a конденсат 
610 1 |a авторефераты диссертаций 
675 |a 66.07(04)  |v 3 
686 |a 05.17.08  |2 oksvnk 
700 1 |a Маслов  |b А. С.  |g Алексей Станиславович 
702 1 |a Кравцов  |b А. В.  |c химик-технолог  |c профессор-консультант Томского политехнического университета, доктор технических наук  |f 1938-  |g Анатолий Васильевич  |2 stltpush  |3 (RuTPU)RU\TPU\pers\19827  |4 727 
712 0 2 |a Томский политехнический институт  |2 stltpush  |3 (RuTPU)RU\TPU\col\1123 
801 1 |a RU  |b 63413507  |c 20031028  |g PSBO 
801 2 |a RU  |b 63413507  |c 20120222  |g PSBO 
942 |c BK